| 000 | 00518nam a2200181 i 4500 | ||
|---|---|---|---|
| 001 | 32600 | ||
| 003 | ES-MaACL | ||
| 005 | 20230906154612.0 | ||
| 007 | t| | ||
| 008 | 030131s1984 sp ||||1| spa d | ||
| 100 | 1 |
_aBernal, Calixto, _d1804-1886 _928175 |
|
| 245 | 1 | 0 |
_aCalixto Bernal / _cCalixto Bernal. |
| 260 |
_aMadrid : _bCentro Cubano de España, _c1984. |
||
| 300 |
_a24 p. ; _c20 cm. |
||
| 710 | 2 |
_aCentro Cubano de España. _92574 |
|
| 852 |
_aES-MaACL _j2128-F-10 _bR.106140 |
||
| 999 |
_c32600 _d32600 |
||